<?xml version="1.0" encoding="UTF-8"?>
<record
    xmlns:xsi="http://www.w3.org/2001/XMLSchema-instance"
    xsi:schemaLocation="http://www.loc.gov/MARC21/slim http://www.loc.gov/standards/marcxml/schema/MARC21slim.xsd"
    xmlns="http://www.loc.gov/MARC21/slim">

  <leader>02204nam a2200397 a 4500</leader>
  <controlfield tag="003">Mxchpua</controlfield>
  <controlfield tag="005">20240529135015.0</controlfield>
  <controlfield tag="007">ta</controlfield>
  <controlfield tag="008">240529s2024    mx abdofs|||| 001 0 spa d</controlfield>
  <datafield tag="040" ind1=" " ind2=" ">
    <subfield code="a">mxchpua</subfield>
  </datafield>
  <datafield tag="090" ind1=" " ind2=" ">
    <subfield code="a">T.C.929</subfield>
    <subfield code="b">F56 IAI </subfield>
    <subfield code="c">2024</subfield>
  </datafield>
  <datafield tag="245" ind1="1" ind2="0">
    <subfield code="a">La interrelaci&#xF3;n agricultura-industria en la regi&#xF3;n pen&#xED;nsula de Yucat&#xE1;n en los sistemas habanero, c&#xED;tricos y porcino /</subfield>
    <subfield code="c">coordinador Emmanuel Flores Gir&#xF3;n ; colaboradores Juan Antonio Antonio Mart&#xED;nez...[y otros]</subfield>
  </datafield>
  <datafield tag="260" ind1=" " ind2=" ">
    <subfield code="a">M&#xE9;xico :</subfield>
    <subfield code="b">El autor,</subfield>
    <subfield code="c">2024</subfield>
  </datafield>
  <datafield tag="300" ind1=" " ind2=" ">
    <subfield code="a">1 recurso en l&#xED;nea (255 p&#xE1;ginas) :</subfield>
    <subfield code="b">ilustraciones, mapas, gr&#xE1;ficas, diagramas, tablas, fotos</subfield>
  </datafield>
  <datafield tag="336" ind1=" " ind2=" ">
    <subfield code="2">rdacontent</subfield>
    <subfield code="a">texto</subfield>
    <subfield code="b">txt</subfield>
  </datafield>
  <datafield tag="337" ind1=" " ind2=" ">
    <subfield code="2">rdamedia</subfield>
    <subfield code="a">computadora</subfield>
    <subfield code="b">c</subfield>
  </datafield>
  <datafield tag="338" ind1=" " ind2=" ">
    <subfield code="2">rdacarrier</subfield>
    <subfield code="a">recurso en l&#xED;nea</subfield>
    <subfield code="b">cr</subfield>
  </datafield>
  <datafield tag="500" ind1=" " ind2=" ">
    <subfield code="a">Grado 5&#xB0; Grupo 5 --
Directorio: p&#xE1;ginas 116-118</subfield>
  </datafield>
  <datafield tag="502" ind1=" " ind2=" ">
    <subfield code="a">Viaje de Estudios</subfield>
    <subfield code="b">(IAI) --</subfield>
    <subfield code="c">UACh. Departamento de Ingenier&#xED;a Agroindustrial,</subfield>
    <subfield code="d">2024</subfield>
  </datafield>
  <datafield tag="504" ind1=" " ind2=" ">
    <subfield code="a">Bibliograf&#xED;a: p&#xE1;ginas 235-255</subfield>
  </datafield>
  <datafield tag="505" ind1="0" ind2=" ">
    <subfield code="a">Visitas: --
</subfield>
    <subfield code="t">1. XIA-LYN --
2. Kinchiles Habanero Org&#xE1;nico --
3. C&#xED;tricos Leo --
4. CITRICYUC  --
5. Agroindustrias Del Oriente de Yucat&#xE1;n (Planta TIF 170) --
6. Abastos de M&#xE9;rida, Rastro Municipal --
7. MayanFood --
8. COLPOS, campus Campeche --
9. COFOPECAM --
10. INIFAP. Dr. Ra&#xFA;l D&#xED;az Plaza --
11. Instituto Tecnol&#xF3;gico de Tizim&#xED;n --
12. FIRA --
13. Asociaci&#xF3;n Ganadera Local de Porcicultores de M&#xE9;rida --
14. CRUPY </subfield>
  </datafield>
  <datafield tag="650" ind1="1" ind2="3">
    <subfield code="9">151398</subfield>
    <subfield code="a">Industria  de los alimentos</subfield>
    <subfield code="z">M&#xE9;xico  </subfield>
  </datafield>
  <datafield tag="650" ind1="1" ind2="3">
    <subfield code="9">155066</subfield>
    <subfield code="a">Capsicum chinense  </subfield>
  </datafield>
  <datafield tag="650" ind1="1" ind2="3">
    <subfield code="9">152028</subfield>
    <subfield code="a">Frutos c&#xED;tricos  </subfield>
    <subfield code="x">Industria y comercio</subfield>
  </datafield>
  <datafield tag="650" ind1="1" ind2="3">
    <subfield code="9">147937</subfield>
    <subfield code="a">Industria del ganado y de la carne  </subfield>
  </datafield>
  <datafield tag="650" ind1="1" ind2="3">
    <subfield code="9">188705</subfield>
    <subfield code="a">Ganado monog&#xE1;strico</subfield>
  </datafield>
  <datafield tag="650" ind1="1" ind2="3">
    <subfield code="9">145297</subfield>
    <subfield code="a">Cerdo</subfield>
  </datafield>
  <datafield tag="650" ind1="1" ind2="3">
    <subfield code="9">151397</subfield>
    <subfield code="a">Food industry</subfield>
    <subfield code="z">Mexico</subfield>
  </datafield>
  <datafield tag="650" ind1="1" ind2="3">
    <subfield code="9">152026</subfield>
    <subfield code="a">Citrus fruits  </subfield>
    <subfield code="x">Industry and trade</subfield>
  </datafield>
  <datafield tag="650" ind1="1" ind2="3">
    <subfield code="9">147938</subfield>
    <subfield code="a">Livestock and meat industry</subfield>
  </datafield>
  <datafield tag="650" ind1="1" ind2="3">
    <subfield code="9">153055</subfield>
    <subfield code="a">Monogastric livestock  </subfield>
  </datafield>
  <datafield tag="650" ind1="1" ind2="3">
    <subfield code="9">152253</subfield>
    <subfield code="a">Swine  </subfield>
  </datafield>
  <datafield tag="700" ind1="1" ind2=" ">
    <subfield code="9">161718</subfield>
    <subfield code="a">Flores Gir&#xF3;n, Emmanuel</subfield>
    <subfield code="e">coordinador</subfield>
  </datafield>
  <datafield tag="700" ind1="1" ind2=" ">
    <subfield code="9">189143</subfield>
    <subfield code="a">Antonio Mart&#xED;nez, Juan Antonio</subfield>
    <subfield code="e">colaborador</subfield>
  </datafield>
  <datafield tag="856" ind1="4" ind2="2">
    <subfield code="u">http://10.13.5.2/ve/TC929_IAI/TC929_IAI_2024-REPORTE.pdf</subfield>
    <subfield code="y">DESCARGAR REPORTE</subfield>
  </datafield>
  <datafield tag="999" ind1=" " ind2=" ">
    <subfield code="c">219961</subfield>
    <subfield code="d">219961</subfield>
  </datafield>
  <datafield tag="952" ind1=" " ind2=" ">
    <subfield code="0">0</subfield>
    <subfield code="1">0</subfield>
    <subfield code="2">local</subfield>
    <subfield code="4">0</subfield>
    <subfield code="7">0</subfield>
    <subfield code="8">VEE</subfield>
    <subfield code="a">IA_</subfield>
    <subfield code="b">IA_</subfield>
    <subfield code="c">E_L</subfield>
    <subfield code="d">2024-05-29</subfield>
    <subfield code="e">El autor</subfield>
    <subfield code="l">0</subfield>
    <subfield code="o">T.C.929 F56 IAI 2024</subfield>
    <subfield code="p">1206015710</subfield>
    <subfield code="r">2024-05-29 00:00:00</subfield>
    <subfield code="w">2024-05-29</subfield>
    <subfield code="y">VEE</subfield>
  </datafield>
</record>
